[Event "XVIII Najdorf Open 2018"]
[Site "Warsaw"]
[Date "2018.07.10"]
[Round "3"]
[White "Maj, Pawel"]
[Black "Michalczak, Thomas"]
[Result "0-1"]
[WhiteElo "2084"]
[BlackElo "2309"]
[Annotator "RC"]
[PlyCount "118"]
[EventDate "2018.07.08"]
[EventCountry "POL"]
[SourceTitle "playchess.com"]
[Source "ChessBase"]
[SourceQuality "1"]

1. e4 e5 2. Nf3 Nc6 3. Bb5 a6 4. Ba4 Nf6 5. O-O b5 6. Bb3 Be7 7. Re1 O-O 8. a4 Bb7 9. d3 d6 10. Bd2 Nb8 11. axb5 axb5 12. Rxa8 Bxa8 13. Nc3 c6 14. Ne2 Nbd7 15. Ng3 Re8 16. c3 Bf8 17. d4 exd4 18. cxd4 c5 19. d5 g6 20. Bc2 Bg7 21. b4 Ng4 22. Qb1 c4 23. h3 Nge5 24. Nxe5 Nxe5 25. Ne2 Qh4 26. f4 c3 27. Be3 Nc4 28. Bf2 Qh6 29. Bd3 Rc8 30. Qc1 Bb7 31. Nd4 Nd2 32. Nxb5 Qxf4 33. g3 Qe5 34. Re2 Ba6 35. Qc2 Bxb5 36. Bxb5 Nf3+ 37. Kg2 Nd4 38. Bxd4 Qxd4 39. Bd3 Qxb4 40. Qd1 Be5 41. Rf2 Qa5 42. Qf3 Rc7 43. Bc2 Qa1 44. Qe3 Qb2 45. Qg5 Qb8 46. Qg4 Ra7 47. Qf3 Qc7 48. Qd3 Qc5 49. Rf1 Ra2 50. Kf3 Rb2 51. Rf2 Kg7 52. Kg2 Ra2 53. Rf1 Qd4 54. Rf2 Qa7 55. Rf1 h5 56. h4 Qd7 57. Rf2 Rb2 58. Bd1 Rxf2+ 59. Kxf2 Qh3 0-1

[Event "XVIII Najdorf Open 2018"]
[Site "Warsaw"]
[Date "2018.07.11"]
[Round "4"]
[White "Mista, Aleksander"]
[Black "Dhulipalla, Bala Chandra Prasad"]
[Result "1-0"]
[WhiteElo "2595"]
[BlackElo "2268"]
[Annotator "ChessBase"]
[PlyCount "93"]
[EventDate "2018.07.08"]
[EventCountry "POL"]
[SourceTitle "playchess.com"]
[Source "ChessBase"]
[SourceQuality "1"]

1. e4 e5 2. Nf3 Nc6 3. Bb5 a6 4. Ba4 Nf6 5. O-O Be7 6. Re1 b5 7. Bb3 d6 8. c3 O-O 9. h3 Nb8 10. d4 Nbd7 11. Nbd2 Bb7 12. Bc2 Re8 13. Nf1 Bf8 14. Ng3 g6 15. a4 c5 16. d5 c4 17. Bg5 Be7 18. Qd2 Nc5 19. Bh6 Nfd7 20. Nh2 bxa4 21. Bxa4 Nxa4 22. Rxa4 a5 23. Be3 Ba6 24. Ng4 Bf8 25. Ra3 Bb5 26. b4 cxb3 27. Rxb3 Bc4 28. Rb7 Bg7 29. Bh6 Bh8 30. Nh5 Re7 31. Bg5 f6 32. Rxd7 Rxd7 33. Nhxf6+ Bxf6 34. Nxf6+ Kh8 35. Nxd7 Qxd7 36. Qb2 Kg7 37. Bc1 Qc7 38. Qd2 Kg8 39. h4 Qe7 40. h5 Qh4 41. Ba3 Rd8 42. Qe3 gxh5 43. Qa7 Qf6 44. Re3 Kh8 45. Qc7 Ba6 46. Rf3 Qg5 47. Rf5 1-0

[Event "XVIII Najdorf Open 2018"]
[Site "Warsaw"]
[Date "2018.07.11"]
[Round "4"]
[White "Heberla, Bartlomiej"]
[Black "Wyczling, Bartosz"]
[Result "1-0"]
[WhiteElo "2563"]
[BlackElo "2262"]
[Annotator "ChessBase"]
[PlyCount "63"]
[EventDate "2018.07.08"]
[EventCountry "POL"]
[SourceTitle "playchess.com"]
[Source "ChessBase"]
[SourceQuality "1"]

1. d4 f5 2. c4 Nf6 3. Nc3 g6 4. Nf3 Bg7 5. Bf4 O-O 6. e3 d6 7. c5 d5 8. Be2 c6 9. h3 Qe8 10. Qc2 Nbd7 11. O-O h6 12. Bh2 g5 13. Qxf5 Nxc5 14. Qc2 Nce4 15. Nxe4 Nxe4 16. Ne5 Bf5 17. Bd3 Nd6 18. f3 Bxe5 19. dxe5 Bxd3 20. Qxd3 Nc4 21. b3 Nb6 22. f4 Qh5 23. Rf3 e6 24. g4 Qe8 25. Raf1 Nd7 26. b4 Kg7 27. f5 exf5 28. gxf5 Kh8 29. f6 Nxe5 30. Bxe5 Qxe5 31. Qg6 Qc7 32. f7 1-0

[Event "XVIII Najdorf Open 2018"]
[Site "Warsaw"]
[Date "2018.07.11"]
[Round "4"]
[White "Smirnov, Anton"]
[Black "Kucza, Karol"]
[Result "1-0"]
[WhiteElo "2523"]
[BlackElo "2308"]
[Annotator "TA"]
[PlyCount "85"]
[EventDate "2018.07.08"]
[EventCountry "POL"]
[SourceTitle "playchess.com"]
[Source "ChessBase"]
[SourceQuality "1"]

{[%evp 13,85,4,22,21,15,21,21,12,22,21,25,20,43,10,10,0,30,44,48,39,65,56,109,107,100,53,46,47,53,47,37,55,45,27,24,17,41,23,23,23,43,41,164,152,256,252,290,297,275,139,347,331,330,322,1626,1637,1257,1416,1297,1284,1230,1218,2069,1904,29972,29974,29975,29976,29976,29977,12821,2397,29988,29989]} 1. e4 e5 2. Nf3 Nc6 3. Bb5 Nf6 4. d3 Bc5 5. Bxc6 dxc6 6. Qe2 {C65: Spanische Partie (Berliner-Verteidigung)} Nd7 (6... Qe7 7. Nbd2 Bg4 8. h3 Bh5 9. a3 Nd7 10. b4 Bb6 11. Nc4 a5 12. Rb1 axb4 13. axb4 Ra2 {0-1 (52) Carlsen,M (2843)-Aronian,L (2764) Stavanger 2018}) 7. Be3 Bd6 {LiveBook: 11 Partien} 8. O-O $146 {Die Stellung ist ausgeglichen.} ({Vorgänger:} 8. d4 O-O 9. Nbd2 exd4 10. Nxd4 Re8 11. O-O-O Nc5 12. f3 Ne6 13. Nc4 Nxd4 14. Rxd4 {½-½ (56) Malakhov,V (2686)-Bosiocic,M (2624) Riadh 2017}) 8... Nf8 9. d4 Ng6 10. dxe5 Nxe5 11. Nxe5 Bxe5 12. c3 Qe7 13. Nd2 Bd6 14. f4 {[%cal Bf2f4,Bf4f5][%mdl 32]} Bc5 15. f5 f6 16. Rae1 {Schwarz muss nun Dh5+ beachten.} Bxe3+ 17. Qxe3 Bd7 {[#]} (17... O-O $14) 18. e5 $1 $16 {[%cal Re5f6]} fxe5 19. Qxe5 (19. Ne4 {looks sharper.} O-O 20. f6 Rxf6 21. Nxf6+ gxf6 22. Qf2) 19... Qxe5 20. Rxe5+ Kf7 21. g4 Rhe8 22. Nf3 $36 {[%mdl 2048] Weiss hat Druck.} Rad8 23. Ng5+ Kg8 $1 24. Rfe1 h6 25. Rxe8+ Bxe8 $14 {[%mdl 4096] Endspiel KTL-KTS} 26. Nf3 c5 27. Re7 Bc6 (27... Rc8 $1 $14) 28. Ne5 $18 Rd2 (28... Rc8 $16 29. Nxc6 bxc6) 29. Rxc7 Kf8 30. Ng6+ ({Keinesfalls} 30. Nxc6 $6 bxc6 31. a4 (31. Rxa7 Rxb2 32. Ra5 Rb5 $16) 31... Rxb2 $16) 30... Ke8 31. Nf4 ({Lieber} 31. Rxg7 $18 {Und f6 würde nun gewinnen.} Rg2+ 32. Kf1 Rxg4 33. Rg8+ Kf7 34. Rf8+ Kg7 35. f6+ Kh7 36. Rh8+ Kxg6 37. Rg8+ Kxf6 38. Rxg4) 31... Rxb2 $2 (31... Rd7 $16 32. Rxd7 Bxd7) 32. Rxg7 {[#] Droht f6 und aus.} Rd2 33. f6 {jetzt f7+ und aus.} Bd5 $2 (33... Rd7 34. Ne6 Rxg7 35. fxg7 Kf7) 34. Re7+ Kd8 35. Nxd5 Rxd5 36. Rxb7 {KT-KT} Ke8 37. h4 {[%cal Bh2h4,Bh4g5,Bg5g6][%mdl 32]} Rd3 38. Kg2 Rxc3 39. g5 hxg5 40. hxg5 Rc2+ 41. Kg3 Rc1 42. Kg4 {Beabsichtigt g6 und Matt.} c4 43. g6 {Precision: Weiß = 81%, Schwarz = 30%.} 1-0

[Event "XVIII Najdorf Open 2018"]
[Site "Warsaw"]
[Date "2018.07.11"]
[Round "4"]
[White "Jarmula, Lukasz"]
[Black "Lukasiewicz, Krzysztof"]
[Result "1-0"]
[WhiteElo "2512"]
[BlackElo "2247"]
[Annotator "ChessBase"]
[PlyCount "83"]
[EventDate "2018.07.08"]
[EventCountry "POL"]
[SourceTitle "playchess.com"]
[Source "ChessBase"]
[SourceQuality "1"]

1. e4 c6 2. d4 d5 3. exd5 cxd5 4. Bd3 Nc6 5. c3 Qc7 6. Ne2 Bg4 7. O-O e6 8. Qe1 Bxe2 9. Qxe2 Bd6 10. f4 Nge7 11. g3 h5 12. Nd2 h4 13. Nf3 hxg3 14. hxg3 O-O-O 15. Kg2 Nf5 16. Bd2 Rde8 17. Rh1 Qd8 18. Ne5 Qf6 19. Qf3 Bc7 20. Raf1 g6 21. Bb5 Nfe7 22. Qd3 Qg7 23. Bxc6 Nxc6 24. Nxc6 bxc6 25. b4 f6 26. Qa6+ Kd7 27. c4 Rb8 28. b5 cxb5 29. cxd5 exd5 30. Rc1 Rxh1 31. Rxc7+ Kxc7 32. Ba5+ Kd7 33. Qxa7+ Ke6 34. Qxg7 Ra1 35. Bb4 Ra8 36. Kf3 Rf1+ 37. Ke2 Rh1 38. Qe7+ Kf5 39. Qd7+ Ke4 40. Qe6+ Kxd4 41. Qe3+ Kc4 42. Qc5# 1-0

[Event "XVIII Najdorf Open 2018"]
[Site "Warsaw"]
[Date "2018.07.11"]
[Round "4"]
[White "Wieczorek, Oskar"]
[Black "Walter, Szymon"]
[Result "1-0"]
[WhiteElo "2470"]
[BlackElo "2296"]
[Annotator "TA"]
[PlyCount "79"]
[EventDate "2018.07.08"]
[EventCountry "POL"]
[SourceTitle "playchess.com"]
[Source "ChessBase"]
[SourceQuality "1"]

{[%evp 17,79,16,18,7,7,7,5,-4,0,-9,20,16,33,0,2,-16,-15,-13,-14,-23,0,-42,-21,-29,-29,-39,-31,-31,-22,-25,-40,-40,87,74,69,68,86,77,85,79,158,158,153,142,134,147,196,182,166,148,153,153,146,127,127,127,131,108,108,102,383,364,823,806]} 1. e4 c5 2. Nf3 d6 3. d4 cxd4 4. Nxd4 Nf6 5. Nc3 a6 6. Nb3 e5 7. Bg5 Be6 {B94: Sicilian Najdorf: 6 Bg5 Nbd7} (7... Be7 8. Bxf6 Bxf6 9. Qd3 Be6 10. O-O-O Be7 11. Nd5 Bxd5 12. Qxd5 Qc7 13. Kb1 O-O 14. Na5 Nc6 15. Nc4 Rad8 {1-0 (50) Grischuk,A (2737)-Nepomniachtchi,I (2767) Doha 2016}) 8. Bxf6 Qxf6 9. Nd5 Qd8 {LiveBook: 6 Games. The position is equal.} 10. Qd2 Nd7 {[%cal Bb8d7,Bd7b6,Bb6a4][%mdl 32]} 11. O-O-O $146 ({Predecessor:} 11. c4 Nf6 12. Nxf6+ Qxf6 13. Bd3 Rc8 14. Rc1 Be7 15. Rc3 {½-½ (56) Garcia,E-Chang,S San Felipe 1999}) 11... Nb6 12. Na5 Bxd5 13. exd5 Qc7 14. h4 Be7 15. Rh3 Na4 16. Ra3 (16. g4 {is more complex.} f5 17. Qb4 Nc5 18. gxf5 O-O 19. Nb3) 16... Nc5 17. g3 O-O 18. Kb1 f5 19. Qb4 e4 20. Nb3 Bf6 21. Nd4 Bxd4 22. Qxd4 Rac8 23. Rc3 Qe7 24. Bh3 g6 {[#]} (24... Rce8 $15 {keeps the upper hand.}) 25. g4 $1 $16 {[%cal Rg4f5] And now gxf5 would win.} Qg7 (25... Qxh4 $2 26. gxf5 Rce8 27. fxg6 $18) 26. gxf5 $1 Qxd4 27. Rxd4 gxf5 28. b4 Ne6 {[#]} ({Better is} 28... Na4 29. Rxc8 Rxc8) 29. Rxc8 $1 Nxd4 30. Rxf8+ Kxf8 {[%mdl 4096] Endgame KB-KN} 31. c3 Nb5 32. Kc2 ({But not} 32. Bxf5 $6 Nxc3+ 33. Kb2 Nd1+ 34. Kc2 Nxf2 $11) 32... f4 33. Bf5 e3 34. fxe3 ({Weaker is} 34. Bxh7 e2 $11) 34... fxe3 {...e2 would now be nice for Black.} 35. Bg4 ({Much weaker is} 35. Bxh7 $6 e2 $14) 35... Ke7 36. Kd3 Kf6 37. a4 {[%cal Ba2a4,Ba4a5][%mdl 32]} Nc7 38. Ke4 Kg6 $2 {[%mdl 8192]} (38... b6 $16) 39. c4 Kf6 $2 (39... b6 40. a5 bxa5) 40. a5 {Precision: White = 68%, Black = 44%.} 1-0

[Event "XVIII Najdorf Open 2018"]
[Site "Warsaw"]
[Date "2018.07.11"]
[Round "4"]
[White "Das, Arghyadip"]
[Black "Miroshnichenko, Pavel"]
[Result "1-0"]
[WhiteElo "2436"]
[BlackElo "2304"]
[Annotator "TA"]
[PlyCount "99"]
[EventDate "2018.07.08"]
[EventCountry "POL"]
[SourceTitle "playchess.com"]
[Source "ChessBase"]
[SourceQuality "1"]

{[%evp 21,99,25,17,13,88,20,35,19,52,54,40,35,42,31,25,0,20,12,27,6,10,0,10,10,14,12,10,-13,49,55,48,53,39,42,77,75,79,80,124,108,118,71,95,104,98,102,129,125,155,103,426,429,422,410,457,469,466,421,479,475,622,285,718,715,789,795,741,721,830,829,802,800,801,800,1041,922,2262,10872,2378,679]} 1. e4 e5 2. Nf3 Nc6 3. Bb5 a6 4. Ba4 Nf6 {[%cal Bg8f6,Bf6d7,Bd7c5][%mdl 32]} 5. O-O Be7 6. d3 d6 7. c4 O-O {C84: Closed Ruy Lopez: Unusual White 6th moves} 8. h3 Nd7 9. Nc3 Nc5 10. Bxc6 bxc6 11. d4 exd4 {LiveBook: 17 Games} 12. Nxd4 {White wants to play b4.} Bf6 (12... Qe8 $11) 13. Be3 ({Better is} 13. Nxc6 $16 Qe8 14. Nd4) 13... Bd7 14. Qc2 {[#]} g6 $146 ({Predecessor:} 14... Re8 15. Rfe1 Ne6 16. Nf3 c5 17. Rad1 Bxc3 18. Qxc3 f6 19. b4 cxb4 20. Qxb4 a5 21. Qc3 {½-½ (21) Brkic,A (2602)-Stevic,H (2596) Opatija 2015}) 15. Rad1 Qe7 16. Rfe1 Bg7 17. b4 Ne6 18. Nde2 Rad8 19. a3 Qh4 20. f4 f5 21. Rf1 Bc8 22. exf5 Rxf5 23. Ne4 Rff8 24. Rf3 d5 (24... Rde8 $11) 25. cxd5 $14 cxd5 26. Bf2 Qe7 27. Nc5 Qf7 28. Nxe6 Bxe6 29. Nd4 Bc8 30. Nc6 Bf5 31. Qb3 Rd6 32. Ne5 Qe6 33. Bc5 $36 {[%mdl 2048] White is in control.} Be4 34. Re3 Qf5 {[#] ...Bc2 is the strong threat.} 35. Nd3 (35. Re2 $142 $1) 35... Rc8 $2 {[%mdl 8192]} (35... Rc6 $16 {is a better chance.}) 36. Bxd6 $18 cxd6 37. Nf2 Kh8 38. Nxe4 dxe4 39. Qd5 Qxf4 40. Rxe4 Qg3 41. Qd3 (41. Qxd6 $142 Qxa3 42. Rde1) 41... Qg5 $2 (41... Qxd3 42. Rxd3 Be5) 42. Qxd6 {White is clearly winning.} h5 43. Qxa6 Rc2 44. Re2 Rc3 45. a4 {[%cal Ba3a4,Ba4a5][%mdl 32]} Kh7 46. Qe6 Qf4 47. Qe4 Qg5 48. a5 Rxh3 49. Rd7 {[#] Threatening mate with Qd4.} Rh4 50. Qe5 {Precision: White = 57%, Black = 32%.} (50. Qe7 $142 Qxe7 51. Rexe7) 1-0

[Event "XVIII Najdorf Open 2018"]
[Site "Warsaw"]
[Date "2018.07.11"]
[Round "4"]
[White "Ostrovskiy, Andrey"]
[Black "Spitzl, Vinzent"]
[Result "1-0"]
[WhiteElo "2431"]
[BlackElo "2241"]
[Annotator "TA"]
[PlyCount "55"]
[EventDate "2018.07.08"]
[EventCountry "POL"]
[SourceTitle "playchess.com"]
[Source "ChessBase"]
[SourceQuality "1"]

{[%evp 17,55,0,27,22,22,18,39,28,29,23,25,22,34,33,64,48,83,83,83,83,92,84,115,102,108,93,108,68,68,75,98,104,147,133,231,229,231,219,386,410]} 1. e4 c6 2. d4 d5 3. exd5 cxd5 4. Bd3 Nc6 5. c3 Nf6 6. Bf4 g6 7. h3 Bf5 8. Bxf5 gxf5 9. Nf3 {B13: Caro-Kann: Exchange Variation and Panov-Botvinnik Attack} Bg7 {LiveBook: 10 Games} (9... e6 10. Ne5 Rg8 11. O-O Bd6 12. Nd2 Qc7 13. Re1 O-O-O 14. Rc1 Bxe5 15. Rxe5 Qd7 16. Re1 Rg6 {0-1 (46) Malakhov,V (2686)-Esipenko,A (2564) Riadh 2017}) 10. Ne5 Nxe5 11. Bxe5 {The position is equal.} O-O $146 ({Predecessor:} 11... Rg8 12. Nd2 Qd7 13. Nf3 Ne4 14. Bxg7 Rxg7 15. g3 f6 16. Qe2 Qa4 {0-1 (32) Mueller,F (2003)-Eismont,I (2253) Essen 2006}) 12. Bxf6 Bxf6 13. Nd2 Qb6 14. Nb3 Qe6+ 15. Qe2 Qxe2+ 16. Kxe2 b6 17. g4 fxg4 18. hxg4 a5 19. a4 Rfb8 20. Rh5 b5 21. Nc5 bxa4 22. Nd3 e6 23. Rxa4 Bg7 24. f4 f6 25. Rh1 e5 (25... Re8 $16 {was called for.} 26. Kd2 e5) 26. fxe5 $18 fxe5 27. dxe5 Bxe5 $2 {[#]} (27... Ra6 28. b4 Rc6 29. Rxa5 Rxc3 30. Rxd5 Rc4) 28. Nxe5 {Precision: White = 74%, Black = 26%.} 1-0

[Event "XVIII Najdorf Open 2018"]
[Site "Warsaw"]
[Date "2018.07.11"]
[Round "4"]
[White "Murdzia, Piotr"]
[Black "Bharath, Subramaniyam H"]
[Result "1-0"]
[WhiteElo "2410"]
[BlackElo "2231"]
[Annotator "TA"]
[PlyCount "151"]
[EventDate "2018.07.08"]
[EventCountry "POL"]
[SourceTitle "playchess.com"]
[Source "ChessBase"]
[SourceQuality "1"]

{[%evp 21,150,33,84,77,84,75,77,83,84,94,91,102,99,97,120,87,81,91,114,131,132,120,119,125,139,149,168,138,116,121,172,180,178,181,183,176,184,176,176,134,167,160,161,161,167,170,181,187,234,247,254,242,265,145,312,190,206,202,440,418,437,426,591,582,645,785,682,639,623,581,943,619,585,577,588,569,565,558,1197,1190,1160,1172,1136,1086,902,622,646,612,580,544,560,460,645,611,29983,29984,29984,29985,29985,29986,29986,29987,29987,29987,29987,29988,29990,29991,29991,29991,29991,29992,29992,29993,29994,29994,29994,29993,29995,29995,29995,29996,29996,29996,29996,29997,29997,29998,29998,29999,29999]} 1. c4 c5 2. g3 g6 3. Bg2 Bg7 4. Nc3 Nf6 5. e3 O-O 6. Nge2 Nc6 7. O-O d6 8. b3 Bd7 9. Bb2 a6 10. d4 Rb8 11. Qd2 Qa5 {LiveBook: 3 Games. E61: King's Indian: Early deviations for White, including Smyslov System} (11... cxd4 $14 12. exd4 b5) (11... b5 12. dxc5 dxc5 13. cxb5 axb5 14. Rfd1 Qc8 15. Nd5 Bh3 16. Bxf6 Bxf6 17. Rac1 Bxg2 18. Kxg2 Nd8 19. Nef4 {0-1 (38) Reinderman,D (2592)-Giri,A (2798) Amstelveen 2015}) 12. d5 $16 Na7 13. a4 $1 Qc7 {White is better.} 14. a5 b6 $146 ({Predecessor:} 14... e5 15. dxe6 Bxe6 16. Nf4 Nc6 17. Ncd5 Bxd5 18. Bxf6 Bxg2 19. Bxg7 Kxg7 20. Kxg2 {½-½ (40) Salvador,R (2527)-Garcia,J (2404) Manila 2011}) 15. axb6 Rxb6 16. Ra3 Rfb8 17. Nc1 h5 18. h3 Qc8 19. Kh2 h4 20. g4 e6 21. f4 Qe8 22. e4 {[%cal Be3e4,Be4d5][%mdl 32]} exd5 23. exd5 Qf8 24. Bf3 Re8 25. Re1 Bc8 (25... Re7 $16 {was worth a try.} 26. Nd3 Nc8) 26. Nd1 $18 Nh7 27. Bxg7 Kxg7 28. Qc3+ Kg8 29. Ra2 Rb7 30. Rae2 Rbe7 31. Kg2 Rxe2+ 32. Rxe2 Rxe2+ 33. Nxe2 Qd8 34. Nf2 Nf6 35. Qe3 Qe8 36. Qd2 Qd8 {[#]} 37. Nc3 (37. f5 $1 $18 {[%mdl 512]}) 37... a5 $2 (37... Ne8 $16 {was called for.} 38. Nfe4 Bd7) 38. Nce4 Nxe4 39. Nxe4 ({Much less strong is} 39. Bxe4 $6 f5 $16) 39... f6 $2 (39... f5) 40. Qe1 f5 41. Ng5 fxg4 42. Bxg4 Bxg4 43. hxg4 Qd7 44. Qxh4 Qe7 {and the idea ...Qe2+ leaves Black hopeful.} 45. Kf3 Qb7 46. Kf2 {White wants to mate with Ne6.} Qg7 47. Nf3 Nc8 48. Qd8+ Qf8 49. Qd7 Kh8 50. Kg3 Kg8 51. Ng5 {[%csl Gg5][%cal Rd7h7]} Ne7 52. Qe6+ Kg7 53. Kf3 Ng8 54. Ne4 Qb8 55. Qd7+ Kh8 56. Qb5 Qd8 (56... Qc7 $142 57. Qa4 Qg7 58. Qxa5 Qb2 59. Nxd6 Qxb3+ 60. Ke2 Qc2+ 61. Qd2 Qxd2+ 62. Kxd2 Kg7) 57. Qa4 {Threatening mate with Qa1+.} Qh4 58. Qa1+ {White mates.} Nf6 59. Qxf6+ Qxf6 60. Nxf6 {[%mdl 4096] Endgame KN-KP} Kg7 61. g5 Kf7 62. Ke4 Ke7 63. f5 gxf5+ 64. Kxf5 {KN-K3P} Kf7 65. Ne4 Ke7 66. g6 a4 67. bxa4 {KN-KPP} Kd7 68. Kf6 Kc7 69. Ke7 Kc8 70. Kxd6 {KN-KP} Kb7 71. g7 Ka7 72. Kc6 Ka6 73. g8=Q {[%cal Rg8a8]} Ka5 74. Qb8 {[%csl Ga4,Gc4,Gc6][%cal Rb8b5]} Kxa4 75. Nxc5+ Ka3 76. Qb3# {Precision: White = 75%, Black = 42%.} 1-0

[Event "XVIII Najdorf Open 2018"]
[Site "Warsaw"]
[Date "2018.07.11"]
[Round "4"]
[White "Percivaldi, Martin"]
[Black "Krstulovic, Alex"]
[Result "1-0"]
[WhiteElo "2393"]
[BlackElo "2305"]
[Annotator "NA"]
[PlyCount "83"]
[EventDate "2018.07.08"]
[EventCountry "POL"]
[SourceTitle "playchess.com"]
[Source "ChessBase"]
[SourceQuality "1"]

1. d4 d5 2. c4 c6 3. Nf3 Nf6 4. Nc3 dxc4 5. a4 Bf5 6. Ne5 Nbd7 7. Nxc4 Qc7 8. g3 e5 9. dxe5 Nxe5 10. Bf4 Nfd7 11. a5 a6 12. Bg2 f6 13. Ne4 Bb4+ 14. Kf1 Bxe4 15. Bxe4 O-O-O 16. Qb3 Bd6 17. Nxd6+ Qxd6 18. Kg2 Nc5 19. Bf5+ Kb8 20. Qc3 Qd4 21. Be3 Qd5+ 22. f3 Nb3 23. Ra3 Nd2 24. Bf4 Ka8 25. Bxe5 Qxe5 26. Qxe5 fxe5 27. Rc3 g6 28. Bc2 Rd4 29. b3 Rhd8 30. Kf2 e4 31. f4 R4d5 32. Ra1 Rd4 33. Ke3 R8d5 34. h3 c5 35. Kf2 c4 36. b4 Rb5 37. Rd1 Rd6 38. Ke3 Rbd5 39. Bxe4 Re6 40. Rxd2 Rxd2 41. Kxd2 Rxe4 42. e3 1-0

[Event "XVIII Najdorf Open 2018"]
[Site "Warsaw"]
[Date "2018.07.11"]
[Round "4"]
[White "Rakesh, Kumar Jena"]
[Black "Pacan Milej, Kosma"]
[Result "0-1"]
[WhiteElo "2385"]
[BlackElo "2282"]
[Annotator "RC"]
[PlyCount "104"]
[EventDate "2018.07.08"]
[EventCountry "POL"]
[SourceTitle "playchess.com"]
[Source "ChessBase"]
[SourceQuality "1"]

1. e4 c5 2. Nf3 d6 3. c3 Nf6 4. Be2 Bd7 5. d3 g6 6. O-O Bg7 7. Re1 O-O 8. Bf1 Nc6 9. h3 e5 10. Na3 h6 11. Be3 Re8 12. Qd2 Kh7 13. g4 b6 14. Bg2 Be6 15. Qc2 d5 16. Rad1 Qd7 17. Bc1 Rad8 18. exd5 Bxd5 19. Nc4 Qc7 20. Ne3 Be6 21. Qa4 Bd7 22. Qa3 Bc8 23. Qa4 Bd7 24. Qc2 Bc8 25. Nf1 Bb7 26. Ng3 Nd5 27. g5 Nf4 28. Bxf4 exf4 29. Ne4 Ne5 30. gxh6 Nxf3+ 31. Bxf3 Kxh6 32. Kg2 Re5 33. Qc1 Bxe4 34. dxe4 Ree8 35. Rd5 Rxd5 36. exd5 Rxe1 37. Qxe1 Qe5 38. Qd1 Bf8 39. Qa4 Qc7 40. Qe8 Kg7 41. Kf1 Qe7 42. Qb8 Qh4 43. Qe5+ Qf6 44. Qc7 Qf5 45. Qxa7 Qxh3+ 46. Ke2 g5 47. Qxb6 Qf5 48. Kd2 g4 49. Be2 Qxd5+ 50. Kc2 g3 51. fxg3 fxg3 52. Qb8 Qg5 0-1

[Event "XVIII Najdorf Open 2018"]
[Site "Warsaw"]
[Date "2018.07.11"]
[Round "4"]
[White "Molenda, Marcin"]
[Black "Siekanski, Janusz"]
[Result "1-0"]
[WhiteElo "2382"]
[BlackElo "2269"]
[Annotator "NA"]
[PlyCount "81"]
[EventDate "2018.07.08"]
[EventCountry "POL"]
[SourceTitle "playchess.com"]
[Source "ChessBase"]
[SourceQuality "1"]

1. d4 d5 2. c4 e6 3. Nf3 c5 4. cxd5 exd5 5. g3 Nc6 6. Bg2 Nf6 7. O-O Be7 8. Nc3 O-O 9. dxc5 Bxc5 10. Na4 Be7 11. Be3 Re8 12. Rc1 Bg4 13. Nc5 Bxc5 14. Bxc5 Qd7 15. Re1 Rac8 16. Qa4 Bh3 17. Bh1 Ne4 18. Be3 h6 19. Nd4 h5 20. Nxc6 bxc6 21. Qxa7 Qe6 22. Qa4 h4 23. Bxe4 dxe4 24. a3 Qg6 25. Rc5 f5 26. Qc4+ Kh7 27. a4 Re6 28. a5 Rf8 29. Bf4 hxg3 30. hxg3 Qf6 31. Qc3 Qg6 32. a6 e3 33. f3 Qh5 34. Rxc6 Rxc6 35. Qxc6 g5 36. Bxe3 f4 37. g4 Bxg4 38. fxg4 Qxg4+ 39. Qg2 Qxg2+ 40. Kxg2 fxe3 41. a7 1-0

[Event "XVIII Najdorf Open 2018"]
[Site "Warsaw"]
[Date "2018.07.11"]
[Round "4"]
[White "Nurkiewicz, Maciej"]
[Black "Bernadskiy, Vitaliy"]
[Result "1/2-1/2"]
[WhiteElo "2368"]
[BlackElo "2586"]
[Annotator "TA"]
[PlyCount "145"]
[EventDate "2018.07.08"]
[EventCountry "POL"]
[SourceTitle "playchess.com"]
[Source "ChessBase"]
[SourceQuality "1"]

{[%evp 21,145,9,15,-5,16,0,33,27,19,9,14,12,10,11,13,0,0,0,0,0,0,0,94,97,92,86,173,173,173,172,170,170,170,166,166,174,246,246,246,246,246,0,246,246,246,246,246,230,312,312,312,292,312,222,214,126,126,126,126,8,8,0,126,126,126,126,133,126,126,126,126,126,126,126,126,126,126,126,126,126,126,126,126,126,101,115,101,101,101,101,101,11,11,11,11,6,6,0,0,0,0,0,0,0,0,0,0,0,0,0,0,0,0,0,0,0,0,0,0,0,0,8,8,0,0,0]} 1. e4 c5 2. Nf3 d6 3. d4 cxd4 4. Nxd4 Nf6 5. Nc3 a6 6. Be3 e6 7. f3 b5 8. Qd2 Bb7 9. g4 Nfd7 10. a3 {B80: Sicilian Scheveningen: 6 g3 and 6 Be3, including English Attack} (10. O-O-O Nb6 11. Qf2 N8d7 12. Nb3 Rc8 13. Ne2 Nc4 14. Bd4 e5 15. Bc3 Be7 16. h4 Ndb6 17. Na5 Ba8 18. Kb1 Qc7 19. Nxc4 Nxc4 {0-1 (28) Olszewski,M (2540)-Jakubowski,K (2526) Katowice 2017}) 10... Nb6 11. O-O-O N8d7 {LiveBook: 13 Games} 12. f4 Rc8 13. Bd3 Nc5 14. Kb1 d5 $146 {[%cal Rd5e4]} ({Predecessor:} 14... Nba4 15. Nxa4 bxa4 {1-0 (82) Apostolakakis,K (1785)-Ballas,A (1796) Kavala 2013}) 15. exd5 Nxd5 16. Nxd5 Bxd5 17. Rhe1 Be7 18. f5 O-O 19. fxe6 fxe6 20. Nxe6 Nxe6 21. Bf5 $1 g6 {[#]} (21... Bc4 $11 {remains equal.}) 22. Bb6 $1 $16 {[%cal Rb6d8]} ({Stronger than} 22. Qxd5 Qxd5 23. Rxd5 gxf5 $17) 22... Qxb6 23. Qxd5 gxf5 (23... Rcd8 $16 24. Bxe6+ Kh8) 24. Rxe6 $18 Qc5 25. Rxe7+ $1 Qxd5 26. Rxd5 fxg4 {[%mdl 4096] Endgame KRR-KRR} 27. Rg5+ Kh8 28. Rxg4 Rf2 (28... Rf1+ {was called for.} 29. Ka2 Rf2) 29. Rh4 Kg8 30. Rhxh7 Rcxc2 {[#]} 31. Reg7+ $1 Kf8 32. Rf7+ $1 Ke8 33. Rxf2 Rxf2 {KR-KR} 34. Ka2 Kd8 35. h4 Rh2 36. Kb3 Kc8 37. Kc3 a5 38. Kb3 (38. h5 $18) 38... Rh3+ 39. Ka2 a4 40. Kb1 ({White should try} 40. h5 $16) 40... Rh1+ $1 $11 41. Ka2 (41. Kc2 $11) 41... Rh3 $1 $16 42. h5 {[%cal Bh4h5,Bh5h6][%mdl 32]} Kd8 43. Kb1 Ke8 44. h6 Rh2 45. Kc1 Kf8 46. Rh8+ Kf7 47. h7 Kg6 48. Rb8 Rxh7 49. Rxb5 Kf6 50. Rb4 Ra7 51. Re4 Kf5 52. Re8 Rc7+ 53. Kd2 Rb7 54. Kc3 Rb3+ 55. Kc2 {Strongly threatening Ra8.} Rb7 56. Ra8 (56. Re2 $16) 56... Rc7+ $11 {The position is equal.} 57. Kd3 Rb7 58. Kc3 ({Don't take} 58. Rxa4 $6 Rxb2 59. Kc4 Ke5 $16) 58... Rc7+ 59. Kb4 Rb7+ 60. Kxa4 Rxb2 61. Re8 {Threatens to win with Ka5.} Rb7 $1 62. Ka5 Ra7+ 63. Kb4 Rb7+ 64. Kc5 {Hoping for a4.} Ra7 65. Re3 Kf4 66. Rh3 {aiming for a4!} Ke5 67. Kb5 {And now a4 would win.} Kd6 68. Rh6+ Kc7 69. Rh7+ Kb8 70. Rh8+ Kc7 71. a4 {a5 is the strong threat.} Rb7+ 72. Ka6 {Rh7+ would kill now.} Rb6+ 73. Ka5 {Precision: White = 64%, Black = 73%.} 1/2-1/2